Kraje, które zdobyły złoty medal w piłce nożnej - Statystyki

Ogólne statystyki
  • Ten quiz został rozwiązany 509 razy
  • Średni wynik to 15 z 22
Statystyki odpowiedzi
Złoto Srebro Brąz Państwo % Poprawnych
1 5 2 Brazylia
97%
1 1 5 Niemcy/ Niemcy Zachodnie (NRD)
95%
2 2 0 Argentyna
93%
1 1 0 Francja
91%
1 2 0 Hiszpania
91%
1 2 0 Polska
90%
4 2 1 Stany Zjednoczone
84%
1 0 2 Włochy
81%
3 0 0 Wielka Brytania
72%
1 0 0 Meksyk
71%
1 0 2 Kanada
68%
1 1 2 Szwecja
65%
2 0 0 Urugwaj
63%
1 0 1 Belgia
62%
2 0 3 Związek Radziecki
58%
3 1 1 Węgry
54%
1 0 2 Norwegia
50%
1 3 1 Jugosławia
47%
1 1 0 Czechosłowacja
41%
1 1 1 Nigeria
33%
1 1 1 Niemcy Wschodnie (RFN)
30%
1 0 0 Kamerun
28%
Nie znaleziono quizów pasujących do podanych kryteriów
Rozkład punktacji
Procent ludzi z każdym wynikiem
Percentyl według liczby udzielonych odpowiedzi
Twoja historia wyników
Nie rozwiązałeś tego quizu